000 02031nam a2200445 i 4500
001 2944840
005 20200714130312.0
008 200212m20209999mnua c 6 000 0 eng d
020 _a 9781684053278 : (vol. 1)
_c$27.07
_q(part 2)
035 _a(OCoLC)1137260282
035 _a(OCoLC)on1137260282
035 _a2908215
040 _aPABRO
_beng
_erda
_cPABRO
049 _aIGAA
082 0 4 _a741.5/973
_223
092 _a741.5973
_bS698 2020
245 0 0 _aSonic the hedgehog /
_cwritten by Ian Flynn ; pencils by Tracy Yardley ; inks by Jim Amash & Bob Smith ; colors by Matt Herms ; letters by Corey Breen ; edited by Joe Hughes & David Mariotte.
264 1 _aMinneapolis, Minnesota :
_bSpotlight, a division of ABDO,
_c[2020]-
300 _avolumes :
_bcolor illustrations ;
_c27 cm
336 _atext
337 _aunmediated
338 _avolume
505 0 _avol. 1. Fallout --
520 _aIn the aftermath of Sonic's most recent battle with Dr. Eggman, Sonic discovers the villain may have vanished, but his robot armies are still attacking small villages.
521 1 _a8-12
_bBrodart.
521 2 _a3-7
_bBrodart.
600 0 0 _aSonic the Hedgehog
_c(Fictitious character)
_vComic books, strips, etc.
_96365669
600 0 1 _aSonic the Hedgehog
_c(Fictitious character)
_vFiction.
_96365670
650 0 _aGood and evil
_vComic books, strips, etc.
_95689272
650 0 _aGood and evil
_vFiction.
_95674230
650 1 _aGraphic novels.
_96365673
655 7 _aGraphic novels.
_2lcgft
_95674445
700 1 _aHughes, Joe.
_95814485
700 1 _aMariotte, David.
_95814486
700 1 _aFlynn, Ian,
_d1982-
_eauthor.
_95813844
942 _2ddc
_cBOOK
948 _aBMC
_bCHILDREN'S
_pX121079917
_kJ
_h741.5973
_iS698 2020
_f1
_r2
_g1
_70
_u3
_w11
_s0
_oBMC
_0$27.07
_y99
_c35
_jDewey Decimal
_vv.1
_nOn-Order
_e1621661-1
_9Item generated Mar 4 2020 2:13PM
999 _c253184
_d253184
999 _b741.5973 S698 2020